[Event "Fall Chess Classic 2017-B"]
[Site "Saint Louis"]
[Date "2017.09.09"]
[Round "4"]
[White "Pichot, Alan"]
[Black "Ramirez, Alejandro"]
[Result "1/2-1/2"]
[WhiteElo "2565"]
[BlackElo "2563"]
[Annotator "TA"]
[PlyCount "60"]
[EventDate "2017.??.??"]
[EventType "tourn"]
[EventCountry "USA"]
[SourceTitle "playchess.com"]
[Source "ChessBase"]
[SourceQuality "1"]

{[%evp 17,60,53,50,45,46,38,40,33,46,26,18,18,15,23,12,21,16,22,39,27,38,39,45,34,30,36,36,31,28,23,41,0,0,0,0,-10,0,0,0,-63,-66,-50,0,0,0]} 1. e4 c5 2. Nf3 e6 3. d4 cxd4 4. Nxd4 Nc6 5. Nc3 Qc7 6. Be3 a6 7. Qf3 {B48: Sicilian: Taimanov: 5 Nc3 Qc7 6 Be3 a6 without Be2} (7. Qd2 Nf6 8. O-O-O Be7 9. f4 b5 10. e5 b4 11. exf6 bxc3 12. Qxc3 Bxf6 13. g4 h6 14. h4 Bb7 15. Rh2 Rc8 16. Qd2 Nxd4 17. Bxd4 Bxd4 18. Qxd4 {½-½ (49) Jakovenko,D (2703)-Inarkiev,E (2707) Geneve 2017}) 7... d6 8. Nxc6 bxc6 9. Qg3 Nf6 {LiveBook: 3 Games} 10. Be2 $146 ({Predecessor:} 10. O-O-O Be7 11. Bc4 O-O 12. h4 Kh8 13. f3 a5 14. Bb3 Rb8 {1-0 (45) Bosiocic,M (2564)-Djukic,N (2563) Civitanova Marche 2016}) 10... Rb8 11. b3 Be7 12. O-O O-O 13. f4 {[%cal Bf2f4,Bf4f5,Bf5f6][%mdl 32]} d5 14. Bd4 Rb4 15. Be5 Qa7+ 16. Kh1 g6 17. f5 Nxe4 18. Nxe4 Rxe4 19. f6 $1 {[%cal Rf6e7]} Bc5 20. Bd3 {[#]} Bf2 $1 {[%mdl 512]} 21. Rxf2 Rxe5 $1 22. Qxe5 {Strongly threatening Qf4.} Qxf2 23. Rf1 Qh4 24. Qd6 Qd4 25. Qxc6 e5 26. Bxa6 Bf5 27. a4 Qd2 28. Qd6 ({White should try} 28. Bb7 $11) 28... Be4 $1 $15 {[%csl Ge4][%cal Rd2g2] [#]} 29. Rg1 Bxg2+ 30. Rxg2 Qd1+ {Precision: White = 71%, Black = 86%.} 1/2-1/2

[Event "Fall Chess Classic 2017-B"]
[Site "Saint Louis"]
[Date "2017.09.09"]
[Round "4"]
[White "Shabalov, Alexander"]
[Black "Abrahamyan, Tatev"]
[Result "0-1"]
[WhiteElo "2563"]
[BlackElo "2333"]
[Annotator "TA"]
[PlyCount "62"]
[EventDate "2017.??.??"]
[EventType "tourn"]
[EventCountry "USA"]
[SourceTitle "playchess.com"]
[Source "ChessBase"]
[SourceQuality "1"]

{[%evp 13,62,36,40,24,16,12,19,10,12,14,24,17,12,33,43,21,7,18,30,12,37,20,24,0,0,0,0,0,-7,3,0,-22,-10,-8,-10,-15,0,0,0,0,0,0,0,0,0,-2,0,-412,-402,-543,-539]} 1. d4 Nf6 2. c4 e6 3. Nf3 b6 4. a3 Ba6 5. Qb3 c5 6. d5 {E12: Queen's Indian: Unusual White 4th moves, 4 a3, 4 Nc3 Bb7 5 a3 and 4 Nc3 Bb7} exd5 (6... g6 7. Nc3 exd5 8. Nxd5 Nxd5 9. cxd5 Bg7 10. Bg5 f6 11. Bf4 O-O 12. e3 d6 13. h4 Bxf1 14. Kxf1 {1-0 (34) Kuzubov,Y (2652)-Duda,J (2707) Linares 2017}) 7. cxd5 g6 {LiveBook: 22 Games} 8. Qe3+ {White is slightly better.} (8. e4 $5) 8... Qe7 9. Qxe7+ Kxe7 10. Nc3 d6 $146 ({Find the theoretical novelty and annotate with similar games:} 10... Bg7 11. g3 Re8 12. Bf4 d6 13. Nd2 Nh5 {0-1 (38) Dobrev,N (2402)-Maiorov,N (2524) Cutro 2008}) 11. Bf4 Nbd7 12. h3 Bg7 13. O-O-O Rhd8 14. e4 Bxf1 15. Rhxf1 Ne8 16. Kc2 Rab8 17. a4 a6 18. Rde1 b5 19. e5 dxe5 (19... Nxe5 {keeps more tension.} 20. Nxe5 dxe5 21. Bxe5 Bxe5 22. f4 b4) 20. Nxe5 Nxe5 21. Bxe5 Bxe5 22. Rxe5+ Kf8 23. axb5 axb5 24. Ra1 b4 25. Ne4 b3+ 26. Kc3 f6 27. Re6 Nc7 $1 $36 {[%cal Rc7e6][%mdl 2048] Black fights for an advantage.} 28. Rxf6+ Kg8 29. Kd3 (29. Re6 $5 Nxd5+ 30. Kc4 $11) 29... Rb4 (29... Nxd5 $5 30. Rd6 $8 Rxd6 31. Nxd6 Rd8 $15) 30. Nxc5 $2 {[%mdl 8192] [#]} (30. Nc3 $1 $11) 30... Rxd5+ $19 31. Kc3 Rdd4 {Precision: White = 50%, Black = 56%.} 0-1

[Event "Fall Chess Classic 2017-B"]
[Site "Saint Louis"]
[Date "2017.09.09"]
[Round "4"]
[White "Friedel, Joshua E"]
[Black "Pavlidis, Antonios"]
[Result "1/2-1/2"]
[WhiteElo "2547"]
[BlackElo "2536"]
[Annotator "TA"]
[PlyCount "93"]
[EventDate "2017.??.??"]
[EventType "tourn"]
[EventCountry "USA"]
[SourceTitle "playchess.com"]
[Source "ChessBase"]
[SourceQuality "1"]

{[%evp 16,93,35,18,4,13,15,9,10,14,8,7,11,7,11,0,0,0,0,0,0,0,0,-7,0,-51,-38,-54,0,0,0,0,4,0,0,0,0,0,0,0,-6,0,-4,-22,-14,-26,-17,-11,-11,-15,0,0,0,0,0,0,0,0,0,0,0,0,0,0,0,0,8,0,0,0,0,0,0,0,0,0,0,0,0,0]} 1. d4 Nf6 2. c4 g6 3. g3 Bg7 4. Bg2 d5 5. cxd5 Nxd5 6. Nf3 O-O 7. O-O Nc6 8. Nc3 e5 {D74: Fianchetto Grünfeld: Main Line (5 Nf3 0-0 6 cxd5 Nxd5 7 0-0)} (8... Nb6 9. e3 Bd7 10. b3 Qc8 11. Bb2 Bh3 12. Ne4 Bxg2 13. Kxg2 Rd8 14. Qe2 a5 15. a3 Rd5 16. Rac1 Rh5 17. h4 {½-½ (32) Lorparizangeneh,S (2515)-Artemiev,V (2692) St Petersburg 2017}) 9. Bg5 {LiveBook: 3 Games} Nxc3 10. bxc3 f6 11. Qb3+ $146 ({Predecessor:} 11. Be3 e4 12. Nd2 f5 13. f3 exf3 14. Nxf3 Be6 15. Qd2 Na5 16. Bh6 Nc4 17. Qf4 Bd5 {½-½ (70) McNab,C (2435)-Kapnisis,S (2464) Dundee 2017}) 11... Kh8 12. Be3 e4 13. Nd2 f5 14. f3 exf3 15. Nxf3 Na5 $36 {[%mdl 2048] White is under pressure.} 16. Qa4 {[#] Strongly threatening Bg5.} Qe8 17. Qxe8 Rxe8 18. Bf4 b6 19. Bxc7 (19. e4 $5) 19... Bb7 20. Be5 (20. Kf2 $11) 20... Rac8 21. Rac1 Bxf3 ({Better is} 21... Nc4 $15) 22. Bxg7+ $11 Kxg7 23. Bxf3 Re3 24. g4 fxg4 25. Bxg4 Rcxc3 26. Bf3 Nc4 27. Bd5 Nd6 28. Rxc3 Rxc3 {[%mdl 4096] Endgame KRB-KRN} 29. Rd1 Nf5 30. Rd2 Re3 31. Bf3 {The position is equal.} Kf6 32. Kf2 h5 33. a4 Ke6 34. d5+ Kd7 35. a5 b5 ({Of course not} 35... bxa5 36. Ra2 $16) 36. Rb2 a6 37. Rc2 Nd4 38. Kxe3 Nxc2+ {KB-KN} 39. Kf4 Nd4 {[#] White must now prevent ...g5+.} 40. Be4 Kd6 41. Bxg6 Nxe2+ 42. Ke3 Nc3 43. Bxh5 Nxd5+ 44. Kd4 Ne7 45. Bg4 Nc6+ 46. Kc3 Nxa5 47. Bc8 {Precision: White = 70%, Black = 79%.} 1/2-1/2

[Event "Fall Chess Classic 2017-B"]
[Site "Saint Louis"]
[Date "2017.09.09"]
[Round "4"]
[White "Prasanna Raghuram Rao"]
[Black "Arribas Lopez, Angel"]
[Result "1/2-1/2"]
[WhiteElo "2455"]
[BlackElo "2505"]
[Annotator "TA"]
[PlyCount "60"]
[EventDate "2017.??.??"]
[EventType "tourn"]
[EventCountry "USA"]
[SourceTitle "playchess.com"]
[Source "ChessBase"]
[SourceQuality "1"]

{[%evp 33,60,25,16,16,31,24,41,0,17,0,0,0,0,0,0,0,0,-48,-46,-50,-55,-49,-57,-50,0,0,0,0,0]} 1. e4 c5 2. Nf3 d6 3. d4 cxd4 4. Nxd4 Nf6 5. Nc3 g6 6. Be3 Bg7 7. f3 O-O 8. Qd2 Nc6 9. Bc4 Bd7 10. O-O-O Rc8 11. Bb3 Ne5 12. Kb1 Re8 13. h4 {B78: Sicilian Dragon: Yugoslav Attack, 9 Bc4 Bd7 10 0-0-0 Rc8} h5 14. Bh6 Nc4 15. Bxc4 Rxc4 16. Bxg7 Kxg7 17. g4 (17. Nd5 e5 18. Nxf6 Qxf6 19. Ne2 Rc6 20. Qe3 Be6 {0-1 (36) Aravindh,C (2588)-Bu,X (2697) Chengdu 2017}) 17... hxg4 {[#] LiveBook: 62 Games} 18. h5 $1 {[%mdl 512]} Rh8 $1 (18... Nxh5 19. fxg4) 19. hxg6 fxg6 20. f4 e5 (20... Rxh1 {looks sharper.} 21. Rxh1 Kf7 22. Qd3 Rc5 23. Nd5 Nxd5 24. exd5 Rxd5 25. Qe4 Rc5) 21. Nde2 $146 {aiming for Rxh8.} (21. fxe5 {keeps more tension.} dxe5 22. Rxh8 Qxh8 23. Nde2 Bc6 24. Qd3) 21... Rxh1 22. Rxh1 Nxe4 23. Nxe4 Rxe4 24. fxe5 {[#] White wants to mate with Qh6+.} Qe8 25. e6 Bxe6 {White must now prevent ...Rxe2!} 26. Qh6+ $1 Kf7 27. Qh7+ $1 Kf6 28. Qh4+ Kg7 29. Qh6+ Kf7 30. Qh7+ $1 Kf6 1/2-1/2

[Event "Fall Chess Classic 2017-B"]
[Site "Saint Louis"]
[Date "2017.09.09"]
[Round "4"]
[White "Ni, Shiqun"]
[Black "Chandra, Akshat"]
[Result "1/2-1/2"]
[WhiteElo "2426"]
[BlackElo "2481"]
[Annotator "TA"]
[PlyCount "65"]
[EventDate "2017.??.??"]
[EventType "tourn"]
[EventCountry "USA"]
[SourceTitle "playchess.com"]
[Source "ChessBase"]
[SourceQuality "1"]

{[%evp 15,65,0,0,-5,-7,0,0,0,13,-20,39,10,47,0,0,0,9,24,35,30,27,18,34,34,34,30,54,12,12,20,14,15,31,0,43,46,42,32,50,26,27,32,74,29,41,13,13,0,58,0,28,0]} 1. e4 e6 2. d4 d5 3. Nd2 Be7 4. e5 c5 5. c3 cxd4 6. cxd4 {C03: French Tarrasch: Unusual Black 3rd moves} Qb6 7. Ndf3 Bb4+ 8. Bd2 Nc6 {LiveBook: 8 Games} 9. Rc1 (9. Bc3 Bd7 10. Qd2 f6 11. Bd3 Nge7 12. Ne2 Bxc3 13. bxc3 fxe5 14. Nxe5 Nxe5 15. dxe5 {1-0 (65) Mamedov,R (2680)-Anton Guijarro,D (2654) Kocaeli 2017}) 9... Bd7 10. Bxb4 Qxb4+ 11. Qd2 Nge7 12. Bd3 O-O (12... Qxd2+ $11 13. Kxd2 Rc8) 13. Ne2 Rac8 $146 ({Predecessor:} 13... Qxd2+ 14. Kxd2 f6 15. Ke3 Ng6 16. Bxg6 hxg6 17. Nc3 {½-½ (17) Reijneveld,A (2135)-Purdon,C (2132) Guernsey 2013}) 14. Qxb4 Nxb4 15. Bb1 $1 f6 16. Rxc8 Rxc8 17. Kd2 Nbc6 18. Rc1 Rf8 19. Ke3 Be8 20. Nf4 fxe5 21. Nxe6 Rf6 22. Nc7 exd4+ 23. Nxd4 Nxd4 24. Kxd4 Bc6 25. f3 Kf7 26. Bd3 ({Don't play} 26. Bxh7 g6 $11) 26... h5 27. b4 Rf4+ 28. Kc3 h4 29. h3 Rf6 30. Kd4 (30. b5 $5 {[%cal Rb5c6]}) 30... Rf4+ 31. Kc3 Rf6 32. Kd4 (32. b5 $5 {[%cal Rb5c6]}) 32... Rf4+ 33. Kc3 {Precision: White = 43%, Black = 39%.} 1/2-1/2

[Event "Fall Chess Classic 2017-B"]
[Site "Saint Louis"]
[Date "2017.09.10"]
[Round "5"]
[White "Ramirez, Alejandro"]
[Black "Shabalov, Alexander"]
[Result "0-1"]
[WhiteElo "2563"]
[BlackElo "2563"]
[Annotator "TA"]
[PlyCount "76"]
[EventDate "2017.??.??"]
[EventType "tourn"]
[EventCountry "USA"]
[SourceTitle "playchess.com"]
[Source "ChessBase"]
[SourceQuality "1"]

{[%evp 17,76,1,6,-20,-4,-10,0,0,6,-6,18,-23,-2,-12,-8,-25,-12,-8,37,35,11,-73,-42,-56,-27,-72,0,-147,-154,-154,-152,-152,-152,-153,-155,-142,-132,-198,-144,-144,-131,-279,-253,-260,-214,-419,-276,-273,-267,-1053,-1033,-1119,-1077,-29996,-2540,-29966,-29964,-29989,-29990,-29990,-29991]} 1. Nf3 Nf6 2. c4 c6 3. Nc3 d5 4. e3 a6 5. d4 b5 6. cxd5 cxd5 7. Bd3 Bb7 8. O-O e6 9. Bd2 Bd6 {LiveBook: 10 Games. D15: Slav Defence: 4 Nc3 a6 and gambit lines after 4 Nc3 dxc4} (9... Nbd7 10. Ne2 Ne4 11. a4 b4 12. a5 Bd6 13. Be1 O-O 14. Nd2 Qb8 15. Kh1 Bc6 16. Nb3 Bb5 17. f3 {1-0 (35) Beliavsky,A (2639)-Laznicka,V (2593) Austria 2007}) 10. Qe2 (10. b4 $5) 10... Ne4 11. Rfc1 $146 ({Find the theoretical novelty and annotate with similar games:} 11. Bxe4 dxe4 12. Ne5 Nd7 13. Nxd7 Qxd7 14. Qg4 f5 15. Qd1 O-O 16. Rc1 Qe7 17. Ne2 {0-1 (32) Binder,M (1626)-Sauer,J (1523) St Georgen 2007}) 11... O-O {The position is equal.} 12. Be1 Nd7 13. Nd2 f5 14. f3 Nxd2 15. Qxd2 e5 16. dxe5 Nxe5 17. Bg3 Qb6 18. Be2 Rad8 19. Qd4 (19. Nxd5 $11 Bb8 20. Nxb6 Rxd2 21. Kf1) 19... Bc5 $1 $17 {[%cal Rc5d4]} 20. Qxe5 Bxe3+ 21. Kf1 {[#] And now Rc2 would win.} d4 (21... Qh6 $1 $17 22. Rd1 f4 23. Nxd5 Rxd5 24. Rxd5 fxg3) 22. Nd1 (22. Na4 $11 Qg6 23. Nc5) 22... Bxc1 23. Rxc1 {aiming for Rc7.} d3 24. Bxd3 Rxd3 25. Rc7 {[%csl Gc7][%cal Re5g7]} Qh6 ({Weaker is} 25... Rxd1+ 26. Ke2 $11) 26. Nf2 {[#]} Rd5 $1 {[%cal Rd5e5]} 27. Qe7 (27. Qc3 $17 f4 28. Rxb7 fxg3 29. hxg3) 27... f4 (27... Bc6 $19 {Strongly threatening ...Qc1+.} 28. Bf4 Qf6 29. Qxf6 Rxf6) 28. Bxf4 Rxf4 29. Rxb7 (29. Ng4 $17 {only move.} Qg6 30. Ne5 Qb1+ 31. Kf2 Qxb2+ 32. Kg3 Qxe5 33. Qxe5 Rxe5 34. Kxf4) 29... Rf8 $19 30. Rc7 Qg6 31. Qe4 $2 {[#]} (31. Ne4) 31... Rd1+ $1 {[%mdl 512]} 32. Ke2 (32. Nxd1 Qxe4) 32... Rg1 ({Not} 32... Qxg2 33. Kxd1 Qf1+ 34. Kc2 $17) 33. Qd5+ $2 (33. Qxg6 hxg6 34. g3) 33... Kh8 34. g3 Qb1 35. Qd4 Re8+ (35... Qe1+ $142 36. Kd3 Rxf3+ 37. Qe3 Qxe3+ 38. Kc2 Rxf2#) 36. Ne4 Rg2+ {Black mates.} 37. Ke3 Qg1+ 38. Kd3 Qd1+ {Precision: White = 31%, Black = 56%.} 0-1

[Event "Fall Chess Classic 2017-B"]
[Site "Saint Louis"]
[Date "2017.09.10"]
[Round "5"]
[White "Pavlidis, Antonios"]
[Black "Ni, Shiqun"]
[Result "1-0"]
[WhiteElo "2536"]
[BlackElo "2426"]
[Annotator "TA"]
[PlyCount "74"]
[EventDate "2017.??.??"]
[EventType "tourn"]
[EventCountry "USA"]
[SourceTitle "playchess.com"]
[Source "ChessBase"]
[SourceQuality "1"]

{[%evp 30,74,0,8,66,67,77,64,68,56,196,85,103,100,96,12,131,118,206,173,268,248,395,387,322,131,85,64,114,73,329,64,304,343,301,338,333,317,691,662,1093,1085,1072,1026,29992,29993,29998]} 1. e4 e5 2. Nf3 Nf6 3. Nxe5 d6 4. Nf3 Nxe4 5. d4 d5 6. Bd3 Nc6 7. O-O Be7 8. c4 Nb4 9. Be2 O-O 10. Nc3 Bf5 11. a3 Nxc3 12. bxc3 Nc6 13. Re1 Re8 14. Ra2 {C42: Petroff Defence: 3 Nxe5 and unusual White 3rd moves} Na5 15. cxd5 Qxd5 16. Rb2 {LiveBook: 7 Games. The position is equal.} b6 {[#]} (16... c6 $11) (16... c6 17. Ne5 Bxa3 18. Bf3 Qd6 19. Rbe2 Bxc1 20. Qxc1 Be6 21. Be4 Rad8 {1-0 (37) Nakamura,H (2787)-Akobian,V (2615) Saint Louis 2016}) 17. Ne5 $146 ({Predecessor:} 17. Rb5 c5 18. Ne5 Qd6 19. Bf4 Bf6 20. g3 Bxe5 21. Bxe5 Qd7 {0-1 (40) Filippov,A (2607)-Bu,X (2682) Ha Long City 2009}) 17... Qd6 18. Bf3 Rad8 19. Rbe2 $1 Be6 (19... f6 $14) 20. Be4 (20. Bf4 $1 $18 {is the precise move to win.}) 20... Bf6 $16 21. Qd3 g6 22. Qg3 ({White should play} 22. Qf3 $16 Bxe5 23. dxe5) 22... Bg7 (22... Bc4 $1 $11 {remains equal.} 23. Nxc4 Qxg3 24. fxg3 (24. hxg3 Nxc4 25. Bf3 Rxe2 $11) 24... Nxc4) 23. Bf4 $1 Qxa3 (23... Qf8 $16 {keeps fighting.}) 24. h4 $1 $18 Nc4 (24... Bc4 $142) 25. Nc6 $1 Rc8 (25... Rd6 $142 26. Bxd6 Qxd6) 26. h5 Bd7 {[#] Threatens to win with ...Rxe4!} 27. hxg6 (27. Bxg6 $1 $18 {[%mdl 512]} Bxc6 (27... fxg6 28. Ne7+) 28. Rxe8+ Rxe8 29. Rxe8+ Bxe8 30. Bd3) 27... hxg6 $16 28. Nb4 {[%cal Bc6b4,Bb4a2,Ba2c3][%mdl 32]} Nd6 $1 29. Bd5 {Black must now prevent Be5.} Bf5 $2 {[%mdl 8192] [#]} (29... Rxe2 $16 30. Rxe2 Qa1+ 31. Kh2 Qd1) 30. Be5 $2 (30. Nc6 $1 $18) 30... Bxe5 $2 (30... c5 $1 $14 31. Nc6 cxd4) 31. dxe5 $18 {[%cal Bd4e5,Be5e6][%mdl 32] aiming for Ra2.} Nb5 32. Re3 (32. e6 f6 $18) 32... Nxc3 33. Na2 Qc5 $2 (33... c6) 34. Nxc3 b5 35. e6 f6 36. Rf3 {Rxf5 would kill now.} Kf8 {[#]} 37. Rxf5 $1 {[%mdl 512]} gxf5 {Precision: White = 58%, Black = 23%.} 1-0

[Event "Fall Chess Classic 2017-B"]
[Site "Saint Louis"]
[Date "2017.09.10"]
[Round "5"]
[White "Arribas Lopez, Angel"]
[Black "Pichot, Alan"]
[Result "0-1"]
[WhiteElo "2505"]
[BlackElo "2565"]
[Annotator "TA"]
[PlyCount "62"]
[EventDate "2017.??.??"]
[EventType "tourn"]
[EventCountry "USA"]
[SourceTitle "playchess.com"]
[Source "ChessBase"]
[SourceQuality "1"]

{[%evp 27,62,-44,-48,-53,-45,-64,-4,-4,-4,-4,0,0,0,-6,-12,-35,-20,-227,-234,-405,-404,-815,-800,-879,-883,-883,-874,-860,-818,-918,-911,-911,-831,-966,-966,-29954,-11260]} 1. e4 c5 2. Nf3 e6 3. d3 Nc6 4. g3 Nf6 5. Bg2 d5 6. Nbd2 Be7 7. O-O O-O 8. e5 Nd7 9. Re1 b5 10. Nf1 a5 {[%cal Ba7a5,Ba5a4,Ba4a3][%mdl 32]} 11. h4 b4 12. Bf4 a4 13. N1h2 {C00: French: Unusual White 2nd moves} a3 14. b3 Ba6 {[#] LiveBook: 8 Games} (14... Bb7 15. Bh3 Rc8 16. Rc1 Re8 17. Ng5 Bxg5 18. hxg5 Nf8 19. Qh5 Nd4 20. Bg2 Re7 {0-1 (40) Duda,J (2707)-So,W (2810) Leon 2017}) 15. Qd2 $146 {Black is slightly better.} ({Predecessor:} 15. Rc1 Na7 16. Ng5 Qe8 17. Qg4 Nb5 18. Ngf3 Kh8 19. Bg5 Bb7 20. Qf4 Ra6 {0-1 (59) Amin,B (2635)-Potkin,V (2621) Dubai 2014}) 15... Rc8 16. Bh3 Nd4 (16... Bb7 $15) 17. h5 $11 {[%cal Bh4h5,Bh5h6][%mdl 32]} Nxf3+ 18. Nxf3 c4 {Strongly threatening ...cxd3.} 19. h6 g6 $36 {[%mdl 2048] aiming for ...cxd3. Black fights for an advantage.} 20. dxc4 (20. d4 {is interesting.} Nb8 21. Bf1 Nc6 22. Rab1 Bb5 23. Red1) 20... dxc4 21. Rad1 cxb3 22. Qxd7 $2 (22. cxb3 $11 Nb6 23. Ng5) 22... bxc2 $19 23. Qxd8 $2 (23. Rd4 {is the only way for White.} b3 24. axb3) 23... Rfxd8 24. Ra1 (24. Rc1 $142 b3 25. axb3) 24... Bc4 25. Nd2 {[#]} Bxa2 $1 {[%mdl 512]} 26. Rxa2 c1=Q 27. Rxc1 Rxc1+ 28. Bf1 Rxf1+ 29. Kxf1 {[#]} Rxd2 $1 {[%mdl 512]} 30. Rxd2 b3 {White must now prevent ...a2.} 31. Rd7 a2 {Precision: White = 30%, Black = 68%.} 0-1

[Event "Fall Chess Classic 2017-B"]
[Site "Saint Louis"]
[Date "2017.09.10"]
[Round "5"]
[White "Chandra, Akshat"]
[Black "Prasanna Raghuram Rao"]
[Result "1-0"]
[WhiteElo "2481"]
[BlackElo "2455"]
[Annotator "TA"]
[PlyCount "123"]
[EventDate "2017.??.??"]
[EventType "tourn"]
[EventCountry "USA"]
[SourceTitle "playchess.com"]
[Source "ChessBase"]
[SourceQuality "1"]

{[%evp 15,123,31,37,33,35,22,31,22,25,27,25,22,26,22,15,0,16,0,33,0,22,11,22,-33,-40,-18,-25,-21,-24,-13,-34,-42,12,0,0,0,0,0,0,0,89,98,138,138,138,138,138,138,138,138,146,137,128,138,138,28,35,36,36,43,51,9,11,14,72,69,138,124,124,123,141,135,534,283,267,242,535,538,514,527,527,427,842,836,795,798,1129,1118,1095,1109,1070,1058,1034,1032,974,908,1256,1247,1073,1018,1356,1223,10833,5493,29982,29983,29983,29984,29986,29987]} 1. d4 d5 2. c4 c6 3. cxd5 cxd5 4. Bg5 Nc6 5. Nc3 Nf6 6. Bxf6 {D10: Slav Defence: 3 cxd5 (without early Nf3) and 3 Nc3} gxf6 7. e3 e6 (7... a6 8. Rc1 Bf5 9. Bd3 Bg6 10. f4 f5 11. h4 h5 12. Nf3 e6 13. Na4 f6 {½-½ (39) Grischuk,A (2761)-Carlsen,M (2832) Paris 2017}) 8. Nf3 Bd7 {LiveBook: 4 Games} 9. Bd3 f5 10. O-O Bd6 11. Rc1 O-O $146 ({Find the theoretical novelty and annotate with similar games:} 11... Rc8 12. a3 O-O 13. Na4 Nxd4 14. exd4 Rxc1 15. Qxc1 Bxa4 {½-½ (43) Martirosyan,H (2544)-Li,R (2568) Saint Louis 2017}) 12. Re1 Rc8 13. Kh1 Kh8 14. Na4 Qa5 15. Nc3 Qb6 16. Na4 Qa5 17. Nc3 Qb6 18. a3 Na5 ({But not} 18... Qxb2 $2 19. Nb5 $18) 19. b4 (19. Re2 $11) 19... Nc4 $15 20. Na4 Bxa4 21. Qxa4 Nb2 22. Qb3 Nxd3 23. Qxd3 a5 (23... Kg7 $15) 24. b5 Rc7 25. g4 Rfc8 26. Rxc7 Qxc7 27. gxf5 Rg8 (27... Qc2 $11 {remains equal.} 28. Qxc2 Rxc2) 28. a4 $16 Qe7 29. e4 {[%cal Be3e4,Be4e5][%mdl 32]} Bb4 30. Rg1 Rxg1+ 31. Kxg1 Qf6 32. e5 Qg7+ 33. Kf1 Qg4 34. fxe6 fxe6 35. Ke2 (35. Ng1 $16) 35... b6 36. Qe3 Be7 37. Kf1 Qh3+ 38. Kg1 Qg4+ 39. Kh1 Qf5 {[#]} (39... Kg7 $11) 40. Ng1 $1 Qc2 (40... Bh4 $14) 41. Qf4 {aiming for Qf7.} Kg7 {[#]} 42. Qg4+ $1 Kf7 43. Ne2 Qxa4 $2 {[%mdl 8192]} (43... Qg6 $16 {is a better chance.} 44. Qf3+ Kg8) 44. Nf4 Qxb5 45. Qxe6+ Ke8 $2 (45... Kf8 {might work better.} 46. Qf5+ Ke8 47. Qc8+ Kf7) 46. Kg2 $18 Qd7 {Threatens to win with ...Qxe6.} 47. Qg8+ Bf8 48. Nxd5 {White wants to mate with Nf6+.} Qf5 (48... Qf7 $142 49. Qxf7+ Kxf7 50. Nxb6 Kg6) 49. Nf6+ Ke7 50. Qc4 {Intending Qc7+ and mate.} Kd8 51. Qd5+ Kc7 52. Qf7+ Kc6 53. Qe8+ Kb7 54. Qxf8 Qg6+ 55. Kf3 Qd3+ 56. Kf4 Qd2+ 57. Kf5 Qxf2+ 58. Ke6 Qxd4 59. Qd6 Qh4 60. Qd7+ {White mates.} Ka6 61. Qd3+ Ka7 62. Kf7 {Precision: White = 62%, Black = 51%.} 1-0

[Event "Fall Chess Classic 2017-B"]
[Site "Saint Louis"]
[Date "2017.09.10"]
[Round "5"]
[White "Abrahamyan, Tatev"]
[Black "Friedel, Joshua E"]
[Result "0-1"]
[WhiteElo "2333"]
[BlackElo "2547"]
[Annotator "TA"]
[PlyCount "132"]
[EventDate "2017.??.??"]
[EventType "tourn"]
[EventCountry "USA"]
[SourceTitle "playchess.com"]
[Source "ChessBase"]
[SourceQuality "1"]

{[%evp 29,132,-12,0,-27,-21,-20,-23,-49,-37,-41,-27,-27,-36,-29,-42,-27,-32,-143,-40,-49,-50,-47,-18,-30,0,-24,0,-6,0,-5,0,0,0,0,0,0,0,0,0,-16,0,0,0,-28,-15,-25,0,0,0,0,0,0,0,-20,-19,-20,-20,-20,-20,-19,-20,-20,-20,-24,-20,-17,-12,-12,-12,-12,-12,-29,-20,-124,-110,-252,-245,-222,-222,-345,-389,-560,-604,-592,-512,-261,-29,-85,-47,-36,0,0,0,0,0,-29948,-29950,-29964,-29966,-29965,-29967,-29966,-29967,-12464,-12363]} 1. e4 e5 2. Nf3 Nc6 3. Bb5 a6 4. Ba4 Nf6 5. O-O Be7 6. d3 b5 7. Bb3 d6 8. c3 O-O 9. Nbd2 Na5 10. Bc2 c5 11. Re1 Nc6 12. Nf1 Be6 13. Ng3 h6 14. h3 Re8 15. Be3 {C90: Closed Ruy Lopez with 7...d6: Early deviations} (15. Bb3 Bf8 16. d4 cxd4 17. cxd4 Bxb3 18. axb3 d5 19. Nxe5 Nxe5 20. dxe5 Nxe4 21. Bf4 Qh4 22. Qf3 Ng5 23. Bxg5 Qxg5 {½-½ (41) Vallejo Pons,F (2698)-Zhang,Z (2611) Tromsoe 2014}) 15... d5 {LiveBook: 3 Games} 16. d4 exd4 17. cxd4 {The position is equal.} dxe4 18. Nxe4 c4 19. Ne5 $146 ({Find the theoretical novelty and annotate with similar games:} 19. Ng3 Qd5 20. Nh4 Bb4 21. Rf1 Ne7 22. Qc1 g5 {0-1 (37) Hu,Y (2049)-Khomeriki,N (2357) Khanty-Mansiysk 2016}) 19... Nb4 20. Bb1 Nxe4 21. Bxe4 Rc8 22. Qh5 Nd5 23. Ng4 (23. Bxh6 $15 gxh6 24. Qxh6) 23... Bxg4 ({Better is} 23... Nxe3 $17 24. fxe3 Bh4) 24. Qxd5 $15 Qxd5 25. Bxd5 Bd7 26. Bd2 Bd6 27. Ba5 Kf8 (27... Bc7 $5 {[%cal Rc7a5]} 28. Bxc7 Rxc7 $11) 28. a3 Rxe1+ (28... h5 {feels hotter.} 29. Rxe8+ Rxe8 30. Kf1 Be7 31. Re1 Rb8) 29. Rxe1 Bc6 30. Bxc6 Rxc6 $11 {[%mdl 4096] Endgame KRB-KRB} 31. g3 Rc8 32. Kg2 Re8 33. Re3 f5 34. g4 g6 35. gxf5 gxf5 36. Kf3 Kf7 37. Bc3 Rc8 38. d5 Rc5 39. Re6 Rxd5 40. Rxh6 Rd3+ (40... a5 $5) 41. Ke2 f4 {[%cal Bf5f4,Bf4f3][%mdl 32]} 42. h4 f3+ 43. Ke1 {[#]} Bxa3 $1 {[%mdl 512]} 44. Rxa6 (44. bxa3 Rxc3) 44... Be7 {And now ...b4 would win.} 45. Ra7 Ke6 {...b4 is the strong threat.} 46. Rb7 Rd5 47. Rb6+ Kf7 48. Rb7 $1 Ke8 49. Rb8+ Kd7 50. Rb7+ Kd8 51. Ba5+ (51. h5 $1 $11) 51... Ke8 $17 52. Rb8+ (52. h5 $17) 52... Kf7 $19 53. Rb7 {Strongly threatening Bb4.} Ke6 54. Rb6+ (54. h5 $142 Rxh5 55. Rb6+ Kf7 56. Kd1) 54... Kf5 55. h5 (55. Bc3 {was called for.} Bxh4 56. Rb7) 55... Bd8 {aiming for ...b4.} 56. Ra6 Bxa5+ 57. Rxa5 {[#] KR-KR} Kg5 $2 ({Black should try} 57... Ke4 $1 $19 58. h6 Kd3) 58. Ra3 (58. h6 $1 $11 {keeps the balance.} Kxh6 59. Ra3) 58... Re5+ 59. Kd1 $1 Rf5 60. b3 Kxh5 {White must now prevent ...Rd5+.} 61. bxc4 bxc4 {Threatens to win with ...Kg4.} 62. Rc3 $2 {[%mdl 8192]} (62. Kd2 $11) 62... Kg4 63. Rxc4+ {[#]} Kh3 $1 {[%cal Rh3g2]} 64. Kd2 Re5 65. Kd3 Kg2 66. Rc2 Kf1 {Precision: White = 44%, Black = 50%.} 0-1